01606nam a22003734a 4500001001200000003000800012006001900020007001500039008004100054010001700095016002000112020001500132020001800147040002100165035002100186043001200207050002300219082001400242100001900256245012300275260004300398300001800441504005400459505021800513533015200731650002800883650004000911650004000951650005200991655002901043710001701072856012601089999001701215ebr10298323CaPaEBRm u cr cn|||||||||060104s2006 cou sb 000 0 eng  z 20060001007 z1012775042DNLM z1555915647 z9781555915643 aCaPaEBRcCaPaEBR a(OCoLC)427510678 an------14aE98.M4bD45 2006eb04a299.72221 aDeloria, Vine.14aThe world we used to live inh[electronic resource] :bremembering the powers of the medicine men /cVine Deloria, Jr. aGolden, Colo. :bFulcrum Pub.,cc2006. axxxii, 237 p. aIncludes bibliographical references (p. 227-237).0 aThe approach of the sacred -- Powers conferred on the medicine men -- Continuing communications -- Interspecies relations -- The land and the cosmos -- Sacred stones and places -- Unusual exploits of medicine men. aElectronic reproduction.bPalo Alto, Calif. :cebrary,d2013.nAvailable via World Wide Web.nAccess may be limited to ebrary affiliated libraries. 0aShamanszNorth America. 0aIndians of North AmericaxMedicine. 0aIndians of North AmericaxReligion. 0aIndians of North AmericaxRites and ceremonies. 7aElectronic books.2local2 aebrary, Inc.40uhttp://site.ebrary.com/lib/rucke/Doc?id=10298323zAn electronic book accessible through the World Wide Web; click to view c64390d64390